The Ultimate Avengers Quiz - Statistics

General Stats
  • This quiz has been taken 1,301 times
  • The average score is 32 of 46
Answer Stats
Hint Answer % Correct
1. Mechanical Suit (Avengers Name) Iron Man
100%
Avenger Movie 2008 - Particular Character Iron Man
100%
2. Carries Shield (Avengers Name) Captain America
99%
Avenger Movie 2011 - Particular Character Captain America: The First Avenger
99%
5. Giant Green Monster (Avengers Name) Hulk
99%
Avenger Movie 2003 - Particular Character Hulk
99%
Avenger Movie 2008 - Particular Character The Incredible Hulk
99%
3. Norse God (Avengers Name) Thor
99%
Avenger Movie 2011 - Particular Character Thor
99%
4. Russian Ex Spy (Avengers Name) Black Widow
98%
6. Good With Bow & Arrow (Avengers Name) Hawkeye
98%
10. Mechanical Wings (Avengers Name) Falcon
92%
Question 1's Alternate Identity Tony Stark
92%
7. J.A.R.V.I.S. With Body (Avengers Name) Vision
92%
8. Manipulates The Mind (Avengers Name) Scarlet Witch
91%
9. Aboves Twin Brother (Avengers Name) Quicksilver
88%
Question 5's Alternate Identity Bruce Banner
87%
Question 2's Alternate Identity Steve Rogers
87%
11. Silver Mechanical Suit (Avengers Name) War Machine
87%
Question 1's Movie Actor Robert Downey Jr.
81%
Question 2's Movie Actor Chris Evans
80%
Question 4's Alternate Identity Natasha Romanoff
80%
Question 3's Movie Actor Chris Hemsworth
78%
Question 6's Alternate Identity Clint Barton
75%
Question 8's Alternate Identity Wanda Maximoff
72%
Question 5's Movie Actor Mark Ruffalo
65%
Question 6's Movie Actor Jeremy Renner
61%
Question 9's Alternate Identity Pietro Maximoff
61%
Question 10's Alternate Identity Sam Wilson
61%
Nick Fury's Actor Samuel L Jackson
59%
Question 4's Movie Actor Scarlett Johansson
58%
Question 8's Movie Actor Elizabeth Olsen
57%
Question 11's Alternate Identity James Rhodes
50%
Question 7's Movie Actor Paul Bettany
47%
Avengers Movie 2015 Avengers: Age Of Ultron
44%
Question 10's Movie Actor Anthony Mackie
43%
Question 11's Movie Actor Don Cheadle
39%
Avenger Movie 2010 - Particular Character Iron Man 2
33%
Question 9's Movie Actor Aaron-Taylor Johnson
31%
Avengers Movie 2013 - Particular Character Iron Man 3
30%
Avengers Movie 2012 The Avengers
30%
Agent Maria Hill's Actor Cobie Smulders
26%
Avengers Movie 2013 - Particular Character Thor: The Dark World
24%
Avengers Movie 2014 - Particular Character Captain America: The Winter Soldier
23%
Agent Peggy Carter's Actor Hayley Atwell
22%
Agent Phil Coulson's Actor Clark Gregg
21%
No matching quizzes found
Score Distribution
Percent of People with Each Score
Percentile by Number Answered
Your Score History
You have not taken this quiz